Cities Closest to Dallas - Statistics

General Stats
  • This quiz has been taken 12 times
  • The average score is 6 of 15
Answer Stats
mi Answer km % Correct
33 Fort Worth 53
100%
19 Plano 30
67%
27 Frisco (Texas) 43
58%
10 Irving (Texas) 16
58%
22 Arlington (Texas) 35
50%
25 Allen 40
42%
39 Denton 62
42%
97 Waco 156
42%
61 Weatherford (Texas) 98
33%
6 Highland Park 9
25%
25 Lewisville 40
25%
69 Granbury 111
17%
22 Grapevine 35
17%
46 Burleson 74
8%
76 Glen Rose 122
8%
No matching quizzes found
Score Distribution
Percent of People with Each Score
Percentile by Number Answered
Your Score History
You have not taken this quiz